Inverse problems in atmospheric constituent transport (Record no. 15654)
[ view plain ]
| 000 -LEADER | |
|---|---|
| fixed length control field | 00747nam a2200205Ia 4500 |
| 003 - CONTROL NUMBER IDENTIFIER | |
| control field | IN-BaIIA |
| 008 - FIXED-LENGTH DATA ELEMENTS--GENERAL INFORMATION | |
| fixed length control field | 211028s9999 xx 000 0 eng d |
| 020 ## - INTERNATIONAL STANDARD BOOK NUMBER | |
| International Standard Book Number | 0-521-81210-0 |
| 040 ## - CATALOGING SOURCE | |
| Transcribing agency | IIA Library |
| 080 ## - UNIVERSAL DECIMAL CLASSIFICATION NUMBER | |
| Universal Decimal Classification number | 517.9 |
| Item number | ENT |
| 100 ## - MAIN ENTRY--PERSONAL NAME | |
| Personal name | Enting, I G |
| 9 (RLIN) | 28859 |
| 245 #0 - TITLE STATEMENT | |
| Title | Inverse problems in atmospheric constituent transport |
| Statement of responsibility, etc. | I. G. Enting |
| 260 ## - PUBLICATION, DISTRIBUTION, ETC. | |
| Place of publication, distribution, etc. | Cambridge |
| Name of publisher, distributor, etc. | Cambridge University Press |
| Date of publication, distribution, etc. | 2002 |
| 300 ## - PHYSICAL DESCRIPTION | |
| Extent | xv, 392p. |
| 490 ## - SERIES STATEMENT | |
| Series statement | Cambridge atmospheric and space science series |
| 650 ## - SUBJECT ADDED ENTRY--TOPICAL TERM | |
| Topical term or geographic name entry element | Atmospheric diffusion - Mathematical models |
| 9 (RLIN) | 28860 |
| 650 ## - SUBJECT ADDED ENTRY--TOPICAL TERM | |
| Topical term or geographic name entry element | Dynamic meteorology - Mathematical models |
| 9 (RLIN) | 28861 |
| 650 ## - SUBJECT ADDED ENTRY--TOPICAL TERM | |
| Topical term or geographic name entry element | Inverse problems (Differential equations) |
| 9 (RLIN) | 28862 |
| 942 ## - ADDED ENTRY ELEMENTS (KOHA) | |
| Koha item type | Books |
| Withdrawn status | Lost status | Damaged status | Not for loan | Home library | Current library | Shelving location | Date acquired | Source of acquisition | Cost, normal purchase price | Total Checkouts | Full call number | Barcode | Date last seen | Cost, replacement price | Price effective from | Koha item type | Purchase Price |
|---|---|---|---|---|---|---|---|---|---|---|---|---|---|---|---|---|---|
| IIA Library-Bangalore | IIA Library-Bangalore | General Stacks | 22/04/2004 | SSB | 6725.60 | 517.9/ ENT | 16576 | 05/11/2021 | 6725.60 | 22/04/2004 | Books | Rs. 6725.60 |